000 01045nam a22003497a 4500
001 BR2016001220
003 BR-BrBNA
005 20230928104831.0
007 ta
008 230509b bl.||||| |||| 00| 0 por d
040 _aBR-BrBNA
_bpor
_cBiblioteca Nacional de Agricultura
041 _a(Por)
072 _aF02; H50; F50
_b1190
090 _ 1190 BR2016001220
100 1 _aSilva, R.A.L.
110 1 _aUniversidade Federal de Lavras, MG (Brasil)
_0Tese (Doutorado)
245 1 _aEstresse salino in vitro e silício nas características fisiológicas de physalis
260 3 _aLavras, MG (Brasil):
_c2015.
300 _a143 p.
500 _aSummaries (Eng, Por); Several bibliography; 21 illus.; 20 tables
650 _aCAMAPU
650 _aPHYSALIS SPP
650 _aFRUTA TROPICAL
650 _aCULTURA IN VITRO
650 _aSALINIDADE
650 _aSILÍCIO
650 _aSTRESS
650 _aCARACTERÍSTICAS AGRONÔMICAS
650 _aFISIOLOGIA VEGETAL
909 _a202309
_bLucia
_c55
_dLucia Elande
942 _cBK
999 _c81984
_d81984